| 000 | 00545nam a2200193Ia 4500 | ||
|---|---|---|---|
| 003 | GCL | ||
| 008 | 140319s9999 xx 000 0 eng d | ||
| 040 |
_aGCL / _cGCL |
||
| 082 | 0 | 4 |
_aCC _b930.1932 _bH M |
| 100 | 1 | _aHANCKOCK, GRAHAM | |
| 245 | 1 | 0 |
_aTHE MESSAGE OF THE SPHINX: A QUEST FOR THE HIDDEN LEGACY OF MANKIND / _cHANCKOCK, GRAHAM |
| 700 | 1 | _aBAUVAL, ROBERT | |
| 260 |
_a[S.N] : _bCROWN PUBLISHERS ، _c1996 |
||
| 300 | _a362 P | ||
| 650 | 0 | 4 | _aSPHINX |
| 650 | 0 | 4 | _aANCIENT EGYPT - HISTORY |
| 650 | 0 | 4 | _aARCHAEOLOGY |
| 942 |
_2ddc _cBK |
||
| 999 |
_c13946 _d13946 |
||